000 00325nam a2200121Ia 4500
008 211105s9999 xx 000 0 und d
020 _aVYASA15143
100 _aPinky Prajapathi
245 0 _aTo find the effect of planetary positions with longetivity -A Survey study
250 _a\N
260 _bSvyasa
_c\N
300 _a36p
999 _c15183
_d15183